00609nam a22002297a 4500003000200000005001700002008000200019010001300021020001000034035002300044037001600067040001500083082001600098100002000114245006000134260003600194270005000230300002000280500001900300650003000319650003000349020180630180428.00 aA-809493 c00.00 aA-809493, A-809494 bCen Lib/Ret aDPLbENc0 a954.07bKHU aKhushwant Singh aHow the Sikhs lost their kingdom /cby Khushwant Singh  aNew DelhibUBS Publishersc1996 a5, Ansari Road, Darya GanjbNew Delhie110002 a194p.c21cm(Hb) aIncludes index aPunjab (India) -- History aSikhs -- Kings and rulers